IMF study highlights main issues in EC economic and monetary union.

Obsah a závery štúdie MMF o vývoji a perspektívach európskej menovej sústavy. Vznik sústavy, jej dopad na hospodárske výsledky, doterajší stav finančnej a menovej integrácie Spoločenstva a prekážky realizácie hospodárskeho a menového zjednotenia.

Salvato in:
Dettagli Bibliografici
Natura: Capitolo di libro
Lingua:inglese
Soggetti:
Tags: Aggiungi Tag
Nessun Tag, puoi essere il primo ad aggiungerne!!

MARC

LEADER 00000naa a2200000 4500
001 r003598
005 20221213084142.7
041 0 |a eng 
044 |a US 
245 1 0 |a IMF study highlights main issues in EC economic and monetary union. 
520 |a Obsah a závery štúdie MMF o vývoji a perspektívach európskej menovej sústavy. Vznik sústavy, jej dopad na hospodárske výsledky, doterajší stav finančnej a menovej integrácie Spoločenstva a prekážky realizácie hospodárskeho a menového zjednotenia. 
610 2 0 |a Medzinárodný menový fond 
610 2 0 |a Európsky menový systém 
610 2 0 |a Európske spoločenstvá 
610 2 0 |a integrácia ekonomická medzinárodná